000 00696nam a2200265Ia 4500
003 OSt
005 20221006142654.0
006 a|||||r|||| 00| 0
007 ta
008 221006b |||||||| |||| 00| 0 eng d
020 _c
_5.20
024 _a6,902
037 _cTextual
040 _aEASL
_cEASL
_beng
041 _2eng
_aeng
082 _aY:351.41Y1, IIIL4
100 _aEBERHARD Wolfram
_9109784
245 0 _aStudies in Taiwanese folktales
260 _aTaiwan
_bChinese Association for Folkore
_c1975
300 _a193p.
_ccm.
490 _v CEL
650 _aCEL
942 _hY:351.41Y1, IIIL4
_cTEXL
_2CC
999 _c1074988
_d1074988